Guess the Harry Potter Movies by Scene #29 - Statistics

General Stats
  • This quiz has been taken 98 times
  • The average score is 19 of 20
Answer Stats
Picture Answer % Correct
Chamber of Secrets
100%
Goblet of Fire
100%
Philosopher's Stone
100%
Philosopher's Stone
100%
Philosopher's Stone
100%
Chamber of Secrets
96%
Chamber of Secrets
96%
Deathly Hallows – Part 1
96%
Deathly Hallows – Part 1
96%
Deathly Hallows – Part 1
96%
Deathly Hallows – Part 2
96%
Goblet of Fire
96%
Goblet of Fire
96%
Goblet of Fire
96%
Half-Blood Prince
96%
Order of the Phoenix
96%
Philosopher's Stone
96%
Half-Blood Prince
91%
Order of the Phoenix
91%
Prisoner of Azkaban
91%
No matching quizzes found
Score Distribution
Percent of People with Each Score
Percentile by Number Answered
Your Score History
You have not taken this quiz